01064 a2200229 4500003000500000005001700005010001700022020001500039035002200054040000900076082001400085100001800099245005400117250001200171260005400183300002100237505042300258650004000681650004000721650002300761651005000784NUST20221208180807.0 a 2003344361 a9694163137 a(DLC) 2003344361 cNust a297.4,IQB1 aIqbal, Javid,10aIslam and Pakistan's identity /cDr. Javid Iqbal. a1st ed. aLahore :bIqbal Academy :bVanguard Books,c2003. a391 p. ;c23 cm. aThe Concepts Of Nationality And State In Islam – A Reassessment (Page-5), Fate Of Muslim Power – State In India (Page-65), The Revival Of Militant “Wahabi” Islam (Page-115), Interaction Of Muslim India With The West (Page-153), The Enigmatic Khilafat Movement (Page-199), Inter-Communal Problem In India (Page-243), Dream Of New Social And Political Horizons (Page-273), Emergence Of A Muslim State (Page-321). 0aIslam and politicszIndiaxHistory. 0aMuslimsxPolitical activityzIndia. 0aPakistan movement. 0aIndiaxPolitics and governmenty20th century.